| 000 | 01635nam1a2200337 i 4500 | ||
|---|---|---|---|
| 001 | RU\NLR\bibl\1380283 | ||
| 005 | 20260407130003.0 | ||
| 035 | _a(NLR Aleph) 001372375 | ||
| 090 |
_a1049871 _c1049871 |
||
| 100 | _a20090611d20069999u y0rusy50 ca | ||
| 101 | 0 | _arus | |
| 102 | _aRU | ||
| 105 | _a||||c ||||| | ||
| 200 | 1 |
_aБиблиография изданий Российской академии наук: 1941-1945 _eежегодник _fРос. акад. наук, Б-ка Рос. акад. наук _g[редкол.: Н.М. Баженова и др.] |
|
| 210 |
_aСанкт-Петербург _cБАН _cАльфарет _d2006 |
||
| 215 | _d24 | ||
| 225 | 1 |
_aМемориальный проект _fред. совет: Н.М. Баженова [и др.] |
|
| 300 | _aС вып. 2 общ. загл.: Библиография изданий Академии наук СССР: 1941-1945 | ||
| 463 | 0 | _10011054762 | |
| 463 | 0 | _10011340846 | |
| 517 | 0 | _aБиблиография изданий Академии наук СССР: 1941-1945 | |
| 601 | 0 | 2 |
_aАкадемия наук СССР _jБиблиография _xИздания _z1941 - 1945 _92583364 _3RU\NLR\auth\661527063 |
| 686 | _aЯ175(2)11 | ||
| 702 | 1 |
_aБаженова _bН. М. _4340 |
|
| 711 | 0 | 2 |
_aАН СССР _3RU\NLR\AUTH\881046 _9272478 |
| 712 | 0 | 2 |
_4570 _aРоссийская академия наук _bБиблиотека _cСанкт-Петербург _3RU\NLR\AUTH\889973239 _9442976 |
| 801 | 0 |
_aRU _bNLR _c20090611 _gRCR |
|
| 801 | 1 |
_aRU _bNLR _c20090611 |
|
| 852 |
_aNLR _bС _j2009-4/31 |
||
| 942 | _cBOOK | ||